Sport par lettre - B - Statistiques

Statistiques générales
  • Ce quiz a été pris 161 fois
  • Le résultat moyen est 12 sur 20
Statistiques - réponses
Hint Réponse % Correct
Lionel Messi l'a remporté huit fois Ballon d'or
99%
Au football, accessoire permettant d'identifier le capitaine de l'équipe Brassard
95%
Nom du championnat allemand de football Bundesliga
92%
Sport mis en lumière dans les films "Space Jam" ou "Coach Carter" Basket-ball
90%
Jeu où les joueurs font rouler des boules à l'aide d'une queue Billard
77%
Quentin Fillon Maillet et Julia Simon pratiquent ce sport Biathlon
73%
Discipline mise en lumière dans le film "Rasta Rockett" Bobsleigh
73%
Ancien footballer anglais, il est maintenant propriétaire de l'inter Miami David Beckham
70%
Ville la plus visitée par le Tour de France après Paris Bordeaux
68%
Récompense décernée à l'équipe qui remporte le top 14 Bouclier de Brennus
59%
Joueur de tennis suédois ayant remporté onze titres du Grand Chelem Björn Borg
52%
Espace aménagé sur lequel on joue à la pétanque Boulodrome
52%
Club de football argentin. Grand rival de River Plate Boca Juniors
51%
Une des tribunes du Parc des Princes Boulogne
50%
Pilote français tragiquement décédés des suite d'un accident sur le grand-prix du Japon Jules Bianchi
40%
Elle n'en a remporté qu'un mais est la dernière française à l'avoir fait Marion Bartoli
35%
Ancien joueur devenu entraineur, on le surnomme "le président" Laurent Blanc
33%
International français de Volley-ball évoluant au poste de passeur Antoine Brizard
20%
Sport qui fait son apparition aux Jeux Olympiques lors des JO de Paris 2024 Breaking
19%
Au baseball, ce terme désigne le couple lanceur/receveur de l'équipe en défense Batterie
2%
Aucun quiz correspondant
Distribution des résultats
% des personnes avec chaque résultat
Percentile par nombre de réponses
Votre historique - résultats
Vous n’avez pas pris ce quiz